Dexter Quiz Seasons 1-3 - Statistics

General Stats
  • This quiz has been taken 1,662 times
  • The average score is 12 of 15
Answer Stats
Question Answer % Correct
What was Dexter's girlfriend/wife called? Rita
98%
Who was the villain in season 1? Ice truck killer
93%
What is Dexter's sister called? Debra
90%
What is Dexter's adopted father called? Harry
89%
What is Dexter's last name? Morgan
89%
Who kills Doakes? Lila
86%
What is Dexter's brother's real name? Brian Moser
82%
What is the name of the Lieutenant? Laguerta
78%
What is the name of Dexter's forensics partner? Masuka
76%
What is the name of the cuban detective? Batista
71%
Who befriends Dexter in season 3? Miguel Prado
70%
What is the name of the detective who first appears in season 3? Quinn
69%
What was Dexter's serial killer name? Bay harbor butcher
67%
What is Dexter's biological mother called? Laura Moser
59%
What is the name of the skinner? George King
36%
No matching quizzes found
Score Distribution
Percent of People with Each Score
Percentile by Number Answered
Your Score History
You have not taken this quiz